All the Geography I know by Letter-H - Statistics

General Stats
  • This quiz has been taken 64 times
  • The average score is 26 of 42
Answer Stats
Hint Answer % Correct
City in Vietnam Ho Chi Minh
100%
Capital of Vietnam Hanoi
98%
Caribbean Island Country Haiti
96%
Capital of Finland Helsinki
96%
Central American Country Honduras
96%
Capital of Cuba Havana
94%
Country known for Goulash Hungary
94%
British Airport Heathrow
93%
City in Texas Houston
93%
U.s state Hawaii
91%
Nuked Japanese City Hiroshima
91%
Capital of that State Honolulu
91%
Capital of Tasmania Hobart
87%
City in Germany Hamburg
85%
Ethiopian City Harar
85%
Island that country is located on Hispaniola
85%
Japanese Island Honshu
85%
Capital of Zimbabwe Harare
81%
Island/City in China Hong Kong
76%
Japanese Island Hokkaido
74%
Capital of the Solomon Islands Honiara
69%
City in Germany Hanover
65%
Israeli City Haifa
63%
Chinese Island Hainan
61%
Capital of Pennsylvania Harrisburg
61%
Capital of Connecticut Hartford
61%
Capital of Montana Helena
61%
City on the Greek Island of Crete Heraklion
54%
City in China Hangzhou
44%
City in China Harbin
37%
City in that State Hilo
37%
City in Nevada Henderson
33%
Afghanistani City Herat
30%
Syrian City Homs
30%
City in Vietnam Hai Phong
28%
City on that Island Haikou
26%
Somalian City Hargeisa
22%
Angolan City Huambo
17%
Estonian Island Hiiumaa
9%
Romanian City Hunedoara
9%
County of Estonia Harju
7%
Capital Region of Denmark Hovedstaden
6%
No matching quizzes found
Score Distribution
Percent of People with Each Score
Percentile by Number Answered
Your Score History
You have not taken this quiz